| 000 | 01084nam a2200313Ia 4500 | ||
|---|---|---|---|
| 008 | 160803s9999 xx 000 0 und d | ||
| 020 | _a0439221129 (pbk.) | ||
| 100 | _aBaker, Courtney | ||
| 245 | _aLet's read about-- Martin Luther King, Jr. / | ||
| 245 | _cby Courtney Baker ; illustrated by Cornelius Van Wright and Ying-Hwa Hu. | ||
| 260 | _aNew York : | ||
| 260 | _bScholastic Inc. | ||
| 260 | _c2001 | ||
| 300 | _aunnumbered pages : | ||
| 300 | _bcolor illustrations ; | ||
| 300 | _c23 cm. | ||
| 440 | _aScholastic first biographies. | ||
| 650 | _aAfrican Americans -- Biography -- | ||
| 650 | _aAfrican Americans -- Civil rights -- History -- 20th century -- | ||
| 650 | _aBaptists -- United States -- Clergy -- Biography -- | ||
| 650 | _aCivil rights workers -- United States -- Biography -- | ||
| 650 | _aKing, Martin Luther, Jr., 1929-1968 -- | ||
| 650 | _xJuvenile literature. | ||
| 650 | _xJuvenile literature. | ||
| 650 | _xJuvenile literature. | ||
| 650 | _xJuvenile literature. | ||
| 650 | _xJuvenile literature. | ||
| 700 | _a380 | ||
| 999 |
_c299208 _d299208 |
||